01780 2200397 4500001002100000005001500021035002000036008004100056020001500097041000800112082001200120084001800132100001200150245005400162260003200216300003300248520063900281650002800920650003400948990002500982990002501007990002501032990002501057990002501082990002501107990002501132990002501157990002501182990002501207990002501232990002501257990002501282990002501307990002501332990002501357INLIS00000000000942920221104091233 a0010-0520009429221104 | | ind  a9791043442 aind a345.598 a345.598 SUN t0 aSunaryo1 aTanya jawab seputar hukum acara pidana /cSunaryo aJakarta :bVisimedia,c2009 avi, 118 hlm.; 19 cm ;c19 cm aBuku ini merupakan buku panduan bagi masyarakat yang mengalami atau tersandung masalah-masalah hukum pidana. Seperti mengalami penggeledahan, penangkapan, penyitaan benda, hingga menjadi tersangka dan terdakwa. Harapannya, buku ini bisa membangkitkan kesadaran masyarakat akan hak-haknya jika mengalami masalah-masalah hukum seperti itu. Buku ini juga bisa dijadikan pegangan bagi anggota Polri, para penyidik, pengacara/advokat, jaksa, dan hakim para penyidik, pengacara/advokat, jaksa, dan hakim--terutama yang masih baru atau pemula--dalam upaya menjaga ketertiban masyarakat dan menjaga ketertiban masyarakat dan menegakkan hukum. 4aCriminal law-Indonesia. 4aCriminal procedure-Indonesia. a21983/MKRI-P/XI-2011 a21982/MKRI-P/XI-2011 a21984/MKRI-P/XI-2011 a21985/MKRI-P/XI-2011 a21983/MKRI-P/XI-2011 a21982/MKRI-P/XI-2011 a21984/MKRI-P/XI-2011 a21985/MKRI-P/XI-2011 a21982/MKRI-P/XI-2011 a21983/MKRI-P/XI-2011 a21984/MKRI-P/XI-2011 a21985/MKRI-P/XI-2011 a21984/MKRI-P/XI-2011 a21983/MKRI-P/XI-2011 a21982/MKRI-P/XI-2011 a21985/MKRI-P/XI-2011